Potentialabschätzung in der Pflanzenproduktion und dessen Ausschöpfung bei stärker ökonomisch oder ökologisch ausgerichteter Agrarpolitik.

Vplyvy rôznych faktorov na budúci vývoj potenciálu rastlinnej výroby. Využitie výrobnej analýzy pri odhade dôsledkov pôsobenia poľnohospodárskej politiky na intenzitu a štruktúru rastlinnej výroby. Závislosť medzi intenzitou a výnosmi ako základ opatrení v rámci poľnohospodárskej politiky. Dôsledky...

Descrizione completa

Salvato in:
Dettagli Bibliografici
Autore principale: Doluschitz, R.
Natura: Capitolo di libro
Lingua:tedesco
Soggetti:
Tags: Aggiungi Tag
Nessun Tag, puoi essere il primo ad aggiungerne!!

MARC

LEADER 00000naa a2200000 4500
001 r009254
005 20221130112502.3
041 0 |a ger 
044 |a DE 
245 1 0 |a Potentialabschätzung in der Pflanzenproduktion und dessen Ausschöpfung bei stärker ökonomisch oder ökologisch ausgerichteter Agrarpolitik.  |c R. Doluschitz 
520 |a Vplyvy rôznych faktorov na budúci vývoj potenciálu rastlinnej výroby. Využitie výrobnej analýzy pri odhade dôsledkov pôsobenia poľnohospodárskej politiky na intenzitu a štruktúru rastlinnej výroby. Závislosť medzi intenzitou a výnosmi ako základ opatrení v rámci poľnohospodárskej politiky. Dôsledky zdraženia faktorov rastu výnosov. 
610 2 0 |a politika poľnohospodárska 
610 2 0 |a výroba rastlinná 
610 2 0 |a intenzita výroby 
610 2 0 |a výnosy hektárové 
610 2 0 |a ekológia 
100 1 |a Doluschitz, R.